Statistics for States of the Sonoran Desert

Click here to take the quiz!

General Stats

  • This quiz has been taken 9 times
  • The average score is 4 of 5

Answer Stats

Answer% Correct
Arizona
100%
California
100%
Sonora
75%
Baja California
50%
Baja California Sur
38%

Score Distribution

Percentile by Number Answered

Percent of People with Each Score

Your Score History

You have not taken this quiz